00725nam a2200193 a 450000100060000000300090000600800410001504000280005608200180008410000280010224500810013026000630021130000080027449000200028250501110030265000320041365000410044565000450048622474CO-ViMGA141112s2004 ck r 000 u spa d aCO-ViMGAbspacCO-ViMGA04a364.154 V492s1 aVizcaíno G, Milciades10aSecuestrados o prisioneros de guerra : bVisiones del mismo conflicto armado aMedellín : bUniversidad Cooperativa de Colombia, c2004 a210 aInvestigación aSignificado del secuestro 18 - - Dimensiones del secuestro 64 - - Circunstancias de los secuestrados 106 14aCONFLICTO ARMADO - COLOMBIA14aDELITOS CONTRA LA PERSONA - COLOMBIA14aSECUESTRO - ASPECTOS SOCIALES - COLOMBIA